000
00304nam a2200121 a 4500
008
110324s1961|||| d
100
1
_a
Svoboda, A. - Tučková, A.
245
1
0
_a
Československo krajina neznáma
260
_b
Osveta
_a
Bratislava
_c
1961
020
_c
38
041
_a
slo
044
_a
xo
_c
SK
999
_c
18501
_d
18501